Biographical account of indian anthropologists (Record no. 1237725)

MARC details
000 -LEADER
fixed length control field 00692nam a2200229Ia 4500
005 - DATE AND TIME OF LATEST TRANSACTION
control field 20250117103546.0
008 - FIXED-LENGTH DATA ELEMENTS--GENERAL INFORMATION
fixed length control field 008 250103s9999 xx 000 0 eng d
020 ## - INTERNATIONAL STANDARD BOOK NUMBER
International Standard Book Number 9355941684
037 ## - SOURCE OF ACQUISITION
Stock number Textual
040 ## - CATALOGING SOURCE
Original cataloging agency CSL
Language of cataloging eng
Transcribing agency CSL
041 ## - LANGUAGE CODE
Language code of text/sound track or separate title eng
Source of code eng
084 ## - COLON CLASSIFICATION NUMBER
Classification number Yw44 R3-;1
Assigning agency CSL
245 #0 - TITLE STATEMENT
Title Biographical account of indian anthropologists
Statement of responsibility, etc. Joshi, P C (Ed.); Nayak, Prasanna K (Ed.)
260 ## - PUBLICATION, DISTRIBUTION, ETC.
Place of publication, distribution, etc. New Delhi
Name of publisher, distributor, etc. Concept Publishing
Date of publication, distribution, etc. 2023
300 ## - PHYSICAL DESCRIPTION
Extent xix, 380p. ill.
650 ## - SUBJECT ADDED ENTRY--TOPICAL TERM
Topical term or geographic name entry element Anthropology
650 ## - SUBJECT ADDED ENTRY--TOPICAL TERM
Topical term or geographic name entry element Biography
700 ## - ADDED ENTRY--PERSONAL NAME
Personal name Nayak, Prasanna K (Ed.)
9 (RLIN) 733861
700 ## - ADDED ENTRY--PERSONAL NAME
Personal name Joshi, P C (Ed.)
942 ## - ADDED ENTRY ELEMENTS (KOHA)
Koha item type Textual
Classification part Yw44 R3-;1
Holdings
Withdrawn status Lost status Damaged status Not for loan Home library Current library Date acquired Source of acquisition Inventory number Total Checkouts Full call number Barcode Date last seen Price effective from Koha item type
        Central Science Library Central Science Library 2025-01-17 Classic Book Service 179, 15/12/2023   Yw44 R3-;1 SL1655675 2025-01-17 2025-01-17 Textual
Copyright @ Delhi University Library System